Online Catalogue and eLibrary

Arutha-nirutha : (Record no. 3236)

MARC details
000 -LEADER
fixed length control field 00403nam a2200157Ia 4500
005 - DATE AND TIME OF LATEST TRANSACTION
control field 20250702025125.0
008 - FIXED-LENGTH DATA ELEMENTS--GENERAL INFORMATION
fixed length control field 240331s9999 xx 000 0 und d
020 ## - INTERNATIONAL STANDARD BOOK NUMBER
ISBN 9558381071
082 ## - DDC Classification
Item Number - Author Mark AHU
Class No. 407
100 ## - MAIN ENTRY--PERSONAL NAME
Personal name Ahubudu, A
245 #0 - TITLE STATEMENT
Title Arutha-nirutha :
Remainder of title meaning and etymology
260 ## - PUBLICATION, DISTRIBUTION, ETC.
Place of publication, distribution, etc. Colombo
Name of publisher, distributor, etc. Sadeepa Publishers
Date of publication, distribution, etc. 2000
300 ## - PHYSICAL DESCRIPTION
Extent (e.g. Volumes, Pages etc.) 146 p .,
500 ## - GENERAL NOTE
General note The meaning is absolute
942 ## - Koha item type (Biblio)
Koha item type Books in Stacks (Lending)
Holdings
Lost status Damaged status Collection code Home library Current library Shelving location Date acquired Full call number Accession Number Item type
    Lending WERC Library WERC Library Social Science Cupboard 03/31/2024 407 AHU 4449 Books in Stacks (Lending)

© WERC Library